00000000nas 2200000zi 4500
0019.939918
003CaOODSP
00520240627123137
006m     o  d f      
007cr cn ||||||||
008240627c20269999bcchr p o    f0    0fre|d
040 |aCaOODSP|bfre|erda|cCaOODSP
043 |an-cn---|an-cn-bc
0861 |aTQ2-2F-PDF
1102 |aAdministration de pilotage du Pacifique (Canada)|eauteur, |eorganisme de publication.
24510|aLoi canadienne sur l'accessibilité, plan pluriannuel sur l'accessibilité du ... / |cAdministration de pilotage du Pacifique.
264 1|aVancouver, C.-B. : |bAdministration de pilotage du Pacifique, |c[2023]-
310 |aTriennal
336 |atexte|btxt|2rdacontent/fre
337 |ainformatique|bc|2rdamedia/fre
338 |aressource en ligne|bcr|2rdacarrier/fre
3621 |aParaît depuis : 1er juin 2023 au 31 mai 2026.
500 |aPublié aussi en anglais sous le titre : Accessible Canada Act multi-year accessibility plan.
588 |aDescription d'après : 1er juin 2023 au 31 mai 2026; titre de la page couverture du fichier PDF.
588 |aDernière livraison consultée : 1er juin 2023 au 31 mai 2026.
61026|aAdministration de pilotage du Pacifique (Canada)|xPlanification|vPériodiques.
650 6|aAccessibilité aux personnes handicapées|zCanada|xPlanification|vPériodiques.
650 6|aAccessibilité aux personnes handicapées|zColombie-Britannique|xPlanification|vPériodiques.
650 6|aPersonnes handicapées|xPolitique gouvernementale|zCanada|vPériodiques.
650 6|aPersonnes handicapées|xPolitique gouvernementale|zColombie-Britannique|vPériodiques.
655 7|aPériodiques|2rvmgf
77508|tAccessible Canada Act multi-year accessibility plan / |w(CaOODSP)9.939919